Central Library OPAC University of Rajshahi

Nationalism, democracy, and development : (Record no. 13651)

MARC details
000 -LEADER
fixed length control field 01139cam a2200325 a 4500
001 - CONTROL NUMBER
control field 13651
003 - CONTROL NUMBER IDENTIFIER
rucl marc code BD-RjUL
005 - DATE AND TIME OF LATEST TRANSACTION
control field 20211208235505.0
008 - FIXED-LENGTH DATA ELEMENTS--GENERAL INFORMATION
fixed length control field 140201r20111997ii b 001 0 eng
020 ## - INTERNATIONAL STANDARD BOOK NUMBER
International Standard Book Number 0195639448
International Standard Book Number 9780195644425
International Standard Book Number 0195644425
035 ## - SYSTEM CONTROL NUMBER
System control number (BD-RjUL)13703
040 ## - CATALOGING SOURCE
Original cataloging agency DLC
Transcribing agency DLC
Modifying agency DLC
-- BD-RjUL
Language of cataloging eng
041 ## - LANGUAGE CODE
Language code of text/sound track or separate title eng
082 00 - DEWEY DECIMAL CLASSIFICATION NUMBER
Classification number 320.540954
Edition number 21
Author mark and year NAT 2011
245 00 - TITLE STATEMENT
Title Nationalism, democracy, and development :
Remainder of title state and politics in India /
Statement of responsibility, etc. edited by Sugata Bose, Ayesha Jalal.
260 ## - PUBLICATION, DISTRIBUTION, ETC. (IMPRINT)
Place of publication, distribution, etc. Delhi ;
-- New York :
Name of publisher, distributor, etc. Oxford University Press,
Date of publication, distribution, etc. 1997 [reprinted 2011].
300 ## - PHYSICAL DESCRIPTION
Pagination 206 p. ;
Size 22 cm.
504 ## - BIBLIOGRAPHY, ETC. NOTE
Bibliography, etc Includes bibliographical references and index.
520 ## - SUMMARY, ETC.
Summary, etc. Contributed essays.
650 #0 - SUBJECT ADDED ENTRY--TOPICAL TERM
Topical term or geographic name as entry element Nationalism
Geographic subdivision India.
9 (RLIN) 42724
Topical term or geographic name as entry element Democracy
Geographic subdivision India.
9 (RLIN) 42725
651 #0 - SUBJECT ADDED ENTRY--GEOGRAPHIC NAME
Geographic name India
General subdivision Politics and government
Chronological subdivision 20th century.
9 (RLIN) 6441
700 1# - ADDED ENTRY--PERSONAL NAME
Personal name Bose, Sugata., ed.
Personal name Jalal, Ayesha., ed.
856 42 - ELECTRONIC LOCATION AND ACCESS
Materials specified Publisher description
Uniform Resource Identifier <a href="http://www.loc.gov/catdir/enhancements/fy0638/96912042-d.html">http://www.loc.gov/catdir/enhancements/fy0638/96912042-d.html</a>
942 ## - ADDED ENTRY ELEMENTS (KOHA)
Source of classification or shelving scheme Dewey Decimal Classification
Koha item type Books
Holdings
Lost status Source of classification or shelving scheme Damaged status Not for loan Collection code Permanent Location Current Location Shelving location Date acquired Source of acquisition Cost, normal purchase price Total Checkouts Full call number Date last seen Copy number Koha item type
  Dewey Decimal Classification     Non-fiction Central Library, University of Rajshahi Central Library, University of Rajshahi   06/07/2013 paragon Enterprises Dhaka 400.00   320.540954 NAT 2011 01/02/2014 C-3 Books
  Dewey Decimal Classification     Non-fiction Central Library, University of Rajshahi Central Library, University of Rajshahi   11/05/2011 paragon Enterprises Dhaka 250.00   320.540954 NAT 2010 11/08/2016 C-2 Books
  Dewey Decimal Classification   Not For Loan Non-fiction Central Library, University of Rajshahi Central Library, University of Rajshahi   11/05/2011 Paragon Enterprises Dhaka 250.00   320.540954 NAT 2011 12/12/2016 C-1 Books